| 000 | 00376cam a2200157ua 4500 | ||
|---|---|---|---|
| 041 |
_aeng _h |
||
| 082 |
_a628.4 _bGOT/CO |
||
| 100 | _aGotaas, Harold.B . | ||
| 245 |
_aComposting / _cB.Harold Gotaas. _hTextual Documents |
||
| 250 |
_a1 / _b. |
||
| 260 |
_a : _bWorld Health Organisation , _c1956. |
||
| 300 | _a205 ; . | ||
| 504 | _a | ||
| 942 | _cBK | ||
| 999 |
_c2298 _d2298 |
||